000
00319nam a2200109Ia 4500
008
200302s9999 xx 000 0 und d
100
_a
Jeff Berman
245
_a
Masimizing Project value defining managing and measuring for optimal return
260
_b
American Management Association
260
_c
2007
300
_a
200 P.,
999
_c
4151
_d
4151